Score 0/26 Timer 03:00
3 Plays Today
% Correct
Apple
90.1%
Bass
85.2%
Church
82.1%
Dream
78.9%
Ear
77.2%
Flu
75.6%
Gold
74.9%
Hajj
74.3%
Iraq
74.1%
Jump
73.9%
Lamb
73.6%
Onyx
73.5%
Nick
73.3%
% Correct
Knockoff
73%
Mist
72.7%
Rhino
72.7%
Quiz
72.1%
Umbrella
71.9%
Tunnel
71.9%
Perv
71.8%
Sushi
71.5%
Yellow
71.4%
X-ray
71.2%
Zinc
71.1%
Wing
71.1%
Violin
70.5%
Remove Ads.
Support Sporcle.
Get the best of Sporcle when you Go Orange. This ad-free experience offers more features, more stats, and more fun while also helping to support Sporcle. Thank you for becoming a member.

You're not logged in!

Compare scores with friends on all Sporcle quizzes.
OR
Log In

Show Comments

Extras

Top Quizzes Today


Score Distribution

Your Account Isn't Verified!

In order to create a playlist on Sporcle, you need to verify the email address you used during registration. Go to your Sporcle Settings to finish the process.

Report this User

Report this user for behavior that violates our Community Guidelines.

Details: